Sports Quiz

Random Sports or NBA Quiz

NBA - Utah Jazz All-Stars Quiz Stats

 Plays Quiz not verified by Sporcle

Score 0/43 Timer 02:00
0 Plays Today
Year Player % Correct
1988Karl Malone
98.5%
1989Karl Malone
98.5%
1990Karl Malone
98.5%
1991Karl Malone
98.5%
1992Karl Malone
98.5%
1993Karl Malone
98.5%
1994Karl Malone
98.5%
1995Karl Malone
98.5%
1996Karl Malone
98.5%
1997Karl Malone
98.5%
1998Karl Malone
98.5%
2000Karl Malone
98.5%
2001Karl Malone
98.5%
2002Karl Malone
98.5%
1989John Stockton
98.1%
1990John Stockton
98.1%
1991John Stockton
98.1%
1992John Stockton
98.1%
1993John Stockton
98.1%
1994John Stockton
98.1%
1995John Stockton
98.1%
1996John Stockton
98.1%
Year Player % Correct
1997John Stockton
98.1%
2000John Stockton
98.1%
2010Deron Williams
87.7%
2007Carlos Boozer
80.1%
2008Carlos Boozer
80.1%
2004Andrei Kirilenko
73.5%
2017Gordon Hayward
73.5%
1977Pete Maravich
70.5%
1978Pete Maravich
70.5%
1979Pete Maravich
70.5%
2011Deron Williams
68.6%
1980Adrian Dantley
68.1%
1981Adrian Dantley
68.1%
1982Adrian Dantley
68.1%
1984Adrian Dantley
68.1%
1985Adrian Dantley
68.1%
1986Adrian Dantley
68.1%
2007Mehmet Okur
64.6%
1989Mark Eaton
63.8%
1984Rickey Green
20.2%
1978Truck Robinson
13.9%

You're not logged in!

Compare scores with friends on all Sporcle quizzes.
OR
Log In

Show Comments

Extras

Top Quizzes Today


Score Distribution

Your Account Isn't Verified!

In order to create a playlist on Sporcle, you need to verify the email address you used during registration. Go to your Sporcle Settings to finish the process.

Report this User

Report this user for behavior that violates our Community Guidelines.

Details: